| 000 | 00443nam a2200169 4500 | ||
|---|---|---|---|
| 003 | SEACOMEC | ||
| 005 | 20250805150028.0 | ||
| 008 | 250805b |||||||| |||| 00| 0 eng d | ||
| 020 |
_a9350144158 _c375 |
||
| 040 | _aSEACOMEC | ||
| 082 |
_a621.3 _bG977 |
||
| 100 | _aJ.B Gupta | ||
| 245 |
_aA Course in Electrical Technology _bBasic Electrical Engineering _cGupta, J.B |
||
| 250 | _a12th ed. | ||
| 260 |
_aDelhi _bKataria _c2008 |
||
| 942 | _cBOOK | ||
| 999 |
_c2347 _d2347 |
||